Cartas de mujeres
Guardat en:
| Autor principal: | |
|---|---|
| Format: | Llibre |
| Idioma: | espanyol |
| Publicat: |
Buenos Aires
Espasa Calpe
1943
|
| Edició: | 3a. ed |
| Col·lecció: | Colección Austral
|
| Matèries: | |
| Etiquetes: |
Afegir etiqueta
Sense etiquetes, Sigues el primer a etiquetar aquest registre!
|
MARC
| LEADER | 00000nam a2200000 a 4500 | ||
|---|---|---|---|
| 001 | UCT1152 | ||
| 003 | CL-VaPUC | ||
| 008 | 960927e19430000AG |||||||||||||||||spa|d | ||
| 082 | 0 | 4 | |a 866 |b BEN |2 21 |
| 100 | 0 | |a Benavente, Jacinto |e author |9 313719 | |
| 245 | 1 | 0 | |a Cartas de mujeres |
| 250 | |a 3a. ed | ||
| 300 | |a 153 p | ||
| 942 | |c BK | ||
| 945 | |d 19960927 00:00:00 |a rleighto | ||
| 260 | |a Buenos Aires |b Espasa Calpe |c 1943 | ||
| 650 | 7 | |a CORRESPONDENCIAS |2 CL-VaPUC |9 256500 | |
| 650 | 0 | |a Literatura española |9 306261 | |
| 583 | |a last modification |c 19960927 00:00:00 |k Rodrigo Vera | ||
| 490 | 0 | |a Colección Austral | |
| 999 | |c 251795 |d 251793 | ||
| 952 | |0 0 |1 0 |4 0 |6 866_000000000000000_BEN_1943 |7 0 |8 A |9 271203 |a BIBEDU |b BIBEDU |c ES_NOD |d 2019-11-19 |i 3233537 |o 866 BEN 1943 |p 3233537 |r 2023-08-09 |w 2019-11-19 |y BK |k LIT | ||